Normal view
MARC view
Entry Topical Term
001 - CONTROL NUMBER
- control field: 14441
003 - CONTROL NUMBER IDENTIFIER
- control field: BD-RjUL
005 - DATE AND TIME OF LATEST TRANSACTION
- control field: 20241126165112.0
008 - FIXED-LENGTH DATA ELEMENTS
- fixed length control field: 241126|| aca||aabn | a|a d
040 ## - CATALOGING SOURCE
- Original cataloging agency: BD-RjUL
- Transcribing agency: BD-RjUL
150 ## - HEADING--TOPICAL TERM
- Topical term or geographic name entry element: Arsenic
- Form subdivision: Exposure with depression
670 ## - SOURCE DATA FOUND
- Source citation: Work cat.: (BD-RjUL)84373: Bhuiyan, Md. Fajiul Kabir 14440, Exploring the associations of arsenic exposure with depression / , 2023